000 00884nam a2200217 i 4500
001 175702
003 ES-MaACL
005 20230906215910.0
007 t|
008 101117s1990 sp a ||||1| spa d
020 _a84-306-0015-9
080 _a27-789.32
111 2 _aCongreso Internacional de la Orden Concepcionista (
_n1.
_d1989.
_cLeón)
_9143980
245 1 3 _aLa Orden Concepcionista
_b: actas del I Congreso Internacional : León, 8 al 12 de mayo de 1989, Monasterio de la Purísima Concepción.
260 _aLeón :
_bUniversidad de León, Secretariado de Publicaciones :
_bMonasterio de la Purísima Concepción,
_c1990.
300 _a2 v. :
_bil. bl. y n. ;
_c24 cm.
650 0 4 _aConcepcionistas franciscanas.
_9143982
710 2 _aUniversidad de León.
_97200
710 2 _aMonasterio de la Purísima Concepción (León)
_9143981
852 _aES-MaACL
_jE-13561-62
999 _c175702
_d175702